000 00478nam a2200181Ia 4500
008 240729s9999 xx 000 0 und d
022 _a2090-2255
245 0 _aBiochemistry Research International
260 _aUnited Kingdom
260 _bHindawi Limited
650 _a Biochemistry
650 _a Chemistry
650 _a Organic chemistry
650 _aScience
856 _uhttps://doaj.org/toc/646fa5ec0d41412aaca3a14f91e4db2a
942 _2ddc
942 _cDOAJEJ
999 _c71398
_d71398
945 _a1
_bMadushi Gamage
_c1
_dMadushi Gamage